00333nam a22001097a 4500008004100000041000800041082000800049110002400057245009900081260003300180300001000213231027b |||||||| |||| 00| 0 eng d aeng bSRI aSrinivasan, Prakash aInternational Journal of Obstetrics and Gynaecology Nursing 2019-2021bVolume No. 6 to 8 Year aChennaibMcMed International a255P.